000 00506nam a22001817a 4500
999 _c6055
_d6055
003 AR-CdUCM
008 190313b ||||| |||| 00| 0 spa d
040 _aMUNICIPALIDAD PROVINCIAL DEL CUSCO
_cBIBLIOTECA MUNICIPAL DEL CUSCO
082 _a869.33 /
_bN44
100 _aNeruda, Pablo
_92359
245 _aMemorial de isla negra /
260 _aBuenos Aires :
_bLosada,
_c1964.
300 _a287 páginas ;
_c18 cm.
505 _aPoesía.
650 _aPoesía.
_9139
942 _2ddc
_cLIBROS
945 _awfj